000 00675nam a2200289Ia 4500
005 20260324145312.0
008 008 260324s9999 xx 000 0 eng d
020 _a9781315175164
037 _aEBOOK
040 _aCRL
040 _beng
040 _cCRL
041 _2eng
041 _aeng
084 _qCRL
100 _aJane Thompson
_91200603
245 0 _aLearning Liberation
245 0 _bWomen's Response to Men's Education
260 _bTaylor and Francis
260 _c1983
365 _a
365 _b83.99
856 _uhttp://www.taylorfrancis.com/books/9781315175164
942 _cEBOOK
999 _c1830188
_d1830188